书目信息 |
| 题名: |
锰基低温脱硝催化剂
|
|
| 作者: | 郑玉婴 著 | |
| 分册: | ||
| 出版信息: | 北京 科学出版社 2018.03 |
|
| 页数: | 239页 | |
| 开本: | 21cm | |
| 丛书名: | ||
| 单 册: | ||
| 中图分类: | TQ426.99 | |
| 科图分类: | ||
| 主题词: | 锰--meng--低温--脱硝--催化剂--研究 | |
| 电子资源: | ||
| ISBN: | 978-7-03-056844-1 | |
| 000 | 00894nam0 2200241 450 | |
| 001 | 0100010440 | |
| 005 | 20190905093951.0 | |
| 010 | @a978-7-03-056844-1@dCNY88.00 | |
| 100 | @a20190901d2018 em y0chiy50 ea | |
| 101 | 0 | @achi |
| 102 | @aCN@b110000 | |
| 105 | @aak a 001yy | |
| 106 | @ar | |
| 200 | 1 | @a锰基低温脱硝催化剂@Ameng ji di wen tuo xiao cui hua ji@f郑玉婴著 |
| 210 | @a北京@c科学出版社@d2018.03 | |
| 215 | @a239页@c图@d21cm | |
| 320 | @a有书目 (第225-239页) 和索引 | |
| 330 | @a本书针对NOx带来的环境问题, 设计和制备了系列脱硝催化剂并负载在滤料上。系统研究了复合滤料的结构与性能, 获得综合性能较好的脱硝功能复合滤料, 实现同步除尘脱硝。本书为低温催化剂的制备和应用提供理论指导与实践基础。 | |
| 606 | 0 | @a锰@Ameng@x低温@x脱硝@x催化剂@x研究 |
| 690 | @aTQ426.99@v5 | |
| 701 | 0 | @a郑玉婴@Azheng yu ying@4著 |
| 801 | 0 | @aCN@c20190905 |
| 905 | @a河南城建学院图书馆@dTQ426.99@eZ459 | |
| 锰基低温脱硝催化剂/郑玉婴著.-北京:科学出版社,2018.03 |
| 239页:图;21cm |
| ISBN 978-7-03-056844-1:CNY88.00 |
| 本书针对NOx带来的环境问题, 设计和制备了系列脱硝催化剂并负载在滤料上。系统研究了复合滤料的结构与性能, 获得综合性能较好的脱硝功能复合滤料, 实现同步除尘脱硝。本书为低温催化剂的制备和应用提供理论指导与实践基础。 |
| ● |
| 相关链接 |
|
|
|
正题名:锰基低温脱硝催化剂
索取号:TQ426.99/Z459
 
预约/预借
| 序号 | 登录号 | 条形码 | 馆藏地/架位号 | 状态 | 备注 |
| 1 | 1438188 | 214381881 | 自科库501/501自科库 39排4列5层/ [索取号:TQ426.99/Z459] | 在馆 | |
| 2 | 1438189 | 214381890 | 自科库501/501自科库 39排4列5层/ [索取号:TQ426.99/Z459] | 在馆 |